000 01319pam a2200409 a 4500
001 9360
003 FISKH
005 20251212084237.0
008 870313s1988 enka j 000 1 eng
010 _a 87005956
020 _a043494274X :
_c£5.95
020 _z0399214356 :
020 _z9780140552997
040 _aDLC
_cDLC
_dDLC
_beng
050 _aPZ7.H5516 S
082 _a823.914
100 1 _aHill, Eric,
_d1927-2014.
245 1 0 _aSpot's first Easter /
_cEric Hill.
260 _aLondon :
_bHeinemann,
_c1988.
300 _a20 unnumbered pages :
_bcolor illustrations ;
_c22 cm
490 0 _aA Lift-the-flap book
490 0 _aA Ventura book
500 _aCover title.
505 _aa
520 _aSpot the puppy joins Helen the hippopotamus in a search for six hidden Easter eggs. Movable flaps conceal portions of the illustrations.
521 8 _a10
_bLexile estimate
521 8 _aa
_bRaz-Plus
650 0 _aToy and movable books
_vSpecimens.
650 1 _aEaster eggs
_vFiction.
650 1 _aDogs
_vFiction.
650 1 _aHippopotamuses
_vFiction.
650 1 _aToy and movable books.
655 7 _aFiction.
_2lcgft
_0https://id.loc.gov/authorities/genreForms/gf2014026339
906 _a7
_bcbc
_corignew
_d1
_eocip
_f19
_gy-gencatlg
942 _2ddc
_cBK
_n0
999 _c9360
_d9360